Dakwah Islam kepada masyarakat terasing di Riau : kajian kes suku Talang Mamak /
Saved in:
| Main Author: | |
|---|---|
| Format: | Thesis Book |
| Language: | Malay |
| Subjects: | |
| Online Access: | http://studentsrepo.um.edu.my/id/eprint/996 |
| Tags: |
Add Tag
No Tags, Be the first to tag this record!
|
| LEADER | 01363cam a2200337 i 4500 | ||
|---|---|---|---|
| 001 | u493036 | ||
| 003 | SIRSI | ||
| 008 | 910521s2001 my t 00 1 may m | ||
| 035 | |a ACS-2215 | ||
| 040 | |a UMM |d UMA |e rda | ||
| 043 | |a a-io--- | ||
| 090 | |a BP42 |b A2 UM 2001 Jamar | ||
| 094 | |a BP42 |b A2 UM 2001 Jamar | ||
| 100 | 0 | 0 | |a Jamaluddin Ali Rubain, |e author. |
| 245 | 1 | 0 | |a Dakwah Islam kepada masyarakat terasing di Riau : |b kajian kes suku Talang Mamak / |c Jamaluddin Ali Rubain. |
| 264 | 1 | |c 2001. | |
| 264 | 4 | |c 2001. | |
| 300 | |a xiii, 317 leaves : |b illustrations ; |c 29 cm. | ||
| 336 | |a text |2 rdacontent | ||
| 337 | |a unmediated |2 rdamedia | ||
| 338 | |a volume |2 rdacarrier | ||
| 502 | |b Dissertation (M.Usuluddin) |c Jabatan Dakwah dan Pembangunan Insan, Akademi Pengajian Islam, Universiti Malaya |d 2001. | ||
| 504 | |a Bibliography: leaves 266-288. | ||
| 650 | 0 | |a Da`wah (Islam). | |
| 651 | 0 | |a Riau (Indonesia) |x Religious life. | |
| 710 | 2 | 0 | |a Universiti Malaya. |b Jabatan Dakwah dan Pembangunan Insan, |e degree granting institution. |
| 856 | 4 | 1 | |u http://studentsrepo.um.edu.my/id/eprint/996 |
| 948 | |a 14/12/2001 |b 25/11/2002 | ||
| 596 | |a 1 12 | ||
| 999 | |a BP42 A2 UM 2001 JAMAR |w LC |c 1 |i A510573874 |d 24/1/2014 |e 24/1/2014 |l STACKS |m P01UTAMA |n 10 |r Y |s Y |t TESIS |u 9/2/2002 | ||
| 999 | |a BP42 A2 UM 2001 JAMAR |w LC |c 1 |i A510347725 |l STACKS |m P12ISLAMKL |r Y |s Y |t TESIS |u 30/1/2002 | ||
